MDQL
is popping MORE tags! Check the
thread
!
Quizzes
Events
Quiz Creation
Community
Videos
Private Events
Remove Ads
Sign In
Join for FREE
Feedback
Dark Mode
Quiz Categories
Sports
Geography
Music
Movies
Television
Just For Fun
Miscellaneous
History
Literature
Language
Science
Gaming
Entertainment
Religion
Holiday
For Kids
Quiz Lab
Recent
Popular Today
Quiz Kudos Today
Editor Picks
Curator Picks
Quizzes by...
Day
Popularity
Type
Ratings
Length
Year
Community
Subscriptions
Recent Discussions
Orange Saloon
Badges
Playlists
Quests
Create
Leaderboards
Showdown
Live 5
Trivia Bingo
Activity
Puzzle Library
Sporcle Events
Private Events
Virtual Trivia
Globe League
Become a Host
Pub Owners
SporcleCon
Opinionation
Our Games
Videos
Blog
Mobile Apps
Partnerships
Remove Ads and Go Orange
Feedback
Television
TV Characters
TV Show
Sitcom
Network
Friends
Reality Shows
Cast
South Park
Star Trek
The Simpsons
Doctor Who
Television
TV Characters
TV Show
Sitcom
Network
Friends
Reality Shows
Cast
South Park
Star Trek
The Simpsons
Doctor Who
Random Quiz
Search Sporcle
×
Quiz Lab
Quiz Lab
Television
DC Comics
Type in answers that appear in a list
Type in answers that appear in a list
Classic
Best Score? Go Orange.
Young Justice by Designation Number Stats
Can you name the Young Justice heroes by their designation number?
By
veryberry
5m
58 Questions
1,606 Plays
1,606 Plays
1,606 Plays
Comments
Comments
Give Quiz Kudos
Give Quiz Kudos
-
- Ratings
hide this ad
Forced Order
Answers have to be entered in order
Answers have to be entered in order
Replay
Link that replays current quiz
Next Quiz
Link to next quiz in quiz playlist
You Got
0%
They Got
Avg Score
39%
Avg Friend Score
Upgrade to see
Score Distribution
Jump to the score distribution portion of the page
Score
0/58
Timer
05:00
0
Plays Today
Designation Number
Name
% Correct
01
Superman
96.9%
02/
Z01
Batman
96.9%
03
Wonder Woman
92.5%
04
Flash
85.3%
B01
Robin I/Nightwing
77.3%
05
Green Lantern (Hal Jordan)
77.2%
B03
Kid Flash I
75.2%
B04
Superboy
72.8%
B05
Miss Martian
71.8%
B02/
27
Aqualad/ Aquaman II
71.1%
B07
Artemis/Tigress
69.8%
07
Martian Manhunter
67%
06
Aquaman I
65.8%
08/
Z02
Green Arrow
64.5%
A03/
B08/
25
Zatanna
63.2%
B06/
21
Red Arrow
62.1%
B09/
26
Rocket
61.7%
09
Hawkman
49.6%
13
Black Canary
46.8%
10
Hawkwoman
46.3%
15
Captain Marvel
42.5%
20
Icon
42.3%
16/
A04
Red Tornado
41.7%
18
Atom
40.9%
11
Zatara
40.2%
19
Plastic Man
39.9%
B16
Batgirl
39.3%
23/
G01
Black Lightning
38.3%
12
Captain Atom
38.1%
Designation Number
Name
% Correct
14
Green Lantern (John Stewart)
37.7%
B20/
Z07
Robin III
37.2%
B11
Aquagirl
36.8%
B10
Tempest
36%
B13
Robin II
36%
B23
Impulse
35.2%
17
Dr. Fate
35.1%
A12/
B22
Blue Beetle III
34.9%
B19
Beast Boy
34.6%
B17
Bumblebee
33.7%
B21
Wonder Girl
33.7%
36
Steel
33.6%
B18
Lagoon Boy
32.4%
G03/
B31
Halo
30.3%
G02/
B30
Geo-Force
29.8%
B12
Troia
29.8%
B28
Spoiler
29%
B27/
Z08
Arrowette
28.8%
A10/
B24
Mal Duncan/Guardian III
27.9%
A11
Adam Strange
27.7%
24
Green Lantern (Guy Gardner)
27.4%
22
Blue Beetle II
25.3%
A18/
B26
Static
24.4%
B32
Forager
24.4%
B29
Thirteen
23.7%
B33
Terra
21.9%
G08
Cyborg
20.3%
A17
El Dorado
15.4%
B25
Arsenal
15.1%
Quiz Playlist
Details
Report
Send in Message
Add To Playlist
Classic:
Type in answers that appear in a list
Forced Order:
Answers have to be entered in order
Quiz Source
Last Updated: Mar 5, 2020
Quiz Scoreboard
CHALLENGE
Sign Up to Join the Scoreboard
Show All
Scores
Hide
Comments
May contain spoilers
Recently Published
Image Sorting: Flags VI
by Barbecue
Geography
2m
Find the 'City' Movie
by crazypaving
Movies
60s
Colored Red Africa Blitz
by spor1
Geography
45s
More to Explore
Quiz From the Vault
Featured Blog Post
14 Easter Pick-up Lines to Find Eggs With
hide this ad
You Might Also Like...
Tags
DC Comics Quiz
Batman
Green Lantern
robin
Superman
Young Justice
Today's Top Quizzes in Television
Browse Television
hide this ad
Today's Top Quizzes in DC Comics
Browse DC Comics
Top Contributed Quizzes in Television
1
Survivor Journey Challenge
2
Brooklyn Nine Nine Logic Puzzle (How-To-Play)
3
Total Drama Characters
4
Phoebe Buffay Quotes
5
Survivor Heroes vs. Villains Logic Puzzle
6
Adjectives in 00s TV Shows
7
Survivor Trivia
8
Game of Thrones: Tywin Lannister Start to Finish
9
Emmerdale Characters (from August 2012)
10
Survivor Logic Puzzle: Heroes vs. Villains
Explore More
Trending Topics
Kpop
Marvel
Disney
Anime
NBA
Crossword
Harry Potter
Country
Soccer
Song
Pokémon
Puzzle
The Office
WWE
NFL
hide this ad
More By:
veryberry
Quiz
Plays
Rating
Category
Featured
Created
Overwatch Logic Puzzle
140,895
3.07
Gaming
Jul 25, 2017
Hunger Games couple names
2,313
3.00
Literature
Feb 23, 2012
Young Justice by Designation Number
1,606
3.33
Television
Jun 26, 2012
Harry Potter same letter initials
159
4.33
Literature
Feb 23, 2012
Space Jam Remix
106
5.00
Music
Apr 10, 2015
Go to Creator's Profile
Score Distribution
Quiz Creator Spotlight
veryberry
Follow
Send a Message
Quizzes Created
-
Created Quiz Play Count
-
More By This Creator
Popular Quizzes Today
1
Colored Red Africa Blitz
2
Find the US States - No Outlines Minefield
3
Find the 'City' Movie
4
5x2 Blitz: Bands
5
The Countries of the World
6
Find the US States
7
Find the Countries of Europe - No Outlines Minefield
8
US States
More Television Quizzes
Finish the Famous Homer Simpson Quote
Published
Trending Quizzes
Colored Red Europe Blitz I
Colored Red Europe Blitz II
Colored Red Africa Blitz II
Colored Red Europe Blitz III
Colored Red Africa Blitz III
Recently Updated
How Do You Spell That?
pecheneg
Godzilla Movies
pecheneg
Grab Bag: 4-10 Letters
pecheneg
2024 March Madness Bracket
pecheneg
Famous TV Couples
Peacemaker
Champions League XIs: Real Madrid
pecheneg
Largest US Cities 1790-2010
pecheneg
Rides in Walt Disney World
pecheneg
Most Oscar Losses (Acting)
pecheneg
Beyoncé Albums
pecheneg
Trending Topics
NBA
Disney
Harry Potter
Kpop
Crossword
Anime
Marvel
Pokémon
The Office
WWE
Song
Puzzle
NFL
Country
Soccer
Your Account Isn't Verified!
In order to create a playlist on Sporcle, you need to verify the email address you used during registration. Go to your
Sporcle Settings
to finish the process.
Report this User
Report this user for behavior that violates our
Community Guidelines
.
Details:
Send Report
Go to the Sporcle.com Mobile Site →
Comments